00533nam a2200193 a 4500001001300000003000900013005001700022008004100039020002300080082001300103100001600116245007200132260003200204300000900236500003500245505002600280650001700306700001600323nice12345678IN_TiNIC20260116014200.0050524s2003 dela grp 000 0 eng  a8172731 c60000a323bMIS aMishra, R C aGovernance of Human Rightsb Challenges in the Age of Globalisation aDelhi bAuthor Press c2003 a298p aincludes index and biblioraphy2 aIndex, Quranic Verses aHuman Rights1 aMishra, R C